[Event "4NCL Division 2d"]
[Site "Puma Hotel, Hinckley Island EN"]
[Date "2013.05.06"]
[Round "11.65"]
[White "Trevelyan, John"]
[Black "Moss, Guy"]
[Result "1/2-1/2"]
[WhiteElo "2129"]
[BlackElo "1975"]
[PlyCount "63"]
[EventDate "2013.05.06"]
[WhiteTeam "Rhyfelwyr Essyllwg 1"]
[BlackTeam "Barbican Youth"]

1. d4 d5 2. Nf3 Nf6 3. c4 c6 4. cxd5 cxd5 5. Nc3 Nc6 6. Bf4 Bf5 7. e3 e6 8. Bb5
Nh5 9. Ne5 Nxf4 10. Nxc6 Nxg2+ 11. Kf1 bxc6 12. Bxc6+ Ke7 13. Kxg2 Rc8 14. Qa4
Qb6 15. Bb5 Kf6 16. f3 a6 17. Qxa6 Qxa6 18. Bxa6 Rb8 19. b3 Bb4 20. Na4 Bd2 21.
Kf2 Ra8 22. Be2 Rac8 23. Bd1 Bd3 24. Nc5 Bc3 25. Rc1 Bb2 26. Nd7+ Ke7 27. Rxc8
Rxc8 28. Nc5 Bb1 29. a4 e5 30. Be2 Bc2 31. Ba6 Rc7 32. Nd3 1/2-1/2

[Event "4NCL Division 2d"]
[Site "Puma Hotel, Hinckley Island EN"]
[Date "2013.05.06"]
[Round "11.66"]
[White "Stewart, Ashley"]
[Black "Smith, Olivia"]
[Result "1-0"]
[WhiteElo "2025"]
[BlackElo "2011"]
[PlyCount "81"]
[EventDate "2013.05.06"]
[WhiteTeam "Barbican Youth"]
[BlackTeam "Rhyfelwyr Essyllwg 1"]

1. d4 d5 2. Nf3 Nf6 3. c4 e6 4. g3 Be7 5. Bg2 O-O 6. O-O Nbd7 7. Qc2 c5 8. cxd5
exd5 9. Nc3 c4 10. b3 Nb6 11. Ne5 g6 12. bxc4 dxc4 13. Rd1 Nfd7 14. Bf4 Nxe5
15. Bxe5 Bf5 16. Qb2 Qd7 17. a4 Be6 18. d5 Bh3 19. d6 Bd8 20. a5 Bxg2 21. Kxg2
Qc6+ 22. f3 Nd7 23. Bf4 g5 24. Be3 Bf6 25. Bd4 Rad8 26. Nd5 Qxd5 27. Bxf6 Nxf6
28. Rxd5 Nxd5 29. e4 c3 30. Qb5 Ne3+ 31. Kf2 Nc2 32. Ra2 Rxd6 33. Rxc2 h6 34.
Rxc3 Rd2+ 35. Ke3 Rxh2 36. Qxb7 Rg2 37. Qxa7 Rg1 38. a6 Re1+ 39. Kf2 Ra1 40.
Qb7 Ra2+ 41. Ke3 1-0

[Event "4NCL Division 2d"]
[Site "Puma Hotel, Hinckley Island EN"]
[Date "2013.05.06"]
[Round "11.67"]
[White "Bullen, Alex"]
[Black "Brett, Andrew R"]
[Result "0-1"]
[WhiteElo "1911"]
[BlackElo "2105"]
[PlyCount "110"]
[EventDate "2013.05.06"]
[WhiteTeam "Rhyfelwyr Essyllwg 1"]
[BlackTeam "Barbican Youth"]

1. e4 e5 2. Nc3 Nf6 3. Bc4 Nc6 4. d3 Na5 5. Bb3 Nxb3 6. axb3 d5 7. Bg5 d4 8.
Nd5 c6 9. Nxf6+ gxf6 10. Bd2 Rg8 11. Ne2 f5 12. exf5 Bxf5 13. Ng3 Bg4 14. f3
Be6 15. Qe2 Bd6 16. Qe4 Rg6 17. O-O Bd5 18. Qf5 Qd7 19. Qh5 a6 20. f4 exf4 21.
Bxf4 O-O-O 22. Ne4 Rdg8 23. g3 Bxe4 24. dxe4 Bxf4 25. Rxf4 d3 26. cxd3 Qd4+ 27.
Rf2 Qxd3 28. Qf5+ Kb8 29. Rf3 Qd4+ 30. Rf2 f6 31. Re1 Re8 32. Qf4+ Ka8 33. Kg2
Qb4 34. Qe3 Rg4 35. Rf4 Rxf4 36. gxf4 Rg8+ 37. Kf3 Qb5 38. e5 Qd5+ 39. Qe4
Qxb3+ 40. Qe3 Qxb2 41. Re2 Qb1 42. Qf2 fxe5 43. Rxe5 Qh1+ 44. Ke3 Qc1+ 45. Kf3
Qc3+ 46. Re3 Qc4 47. Re4 Qd3+ 48. Re3 Qd1+ 49. Re2 Qh1+ 50. Ke3 Qd5 51. Qh4
Re8+ 52. Kf2 Qd4+ 53. Ke1 Rg8 54. Rf2 Rg1+ 55. Ke2 Qd1+ 0-1

[Event "4NCL Division 2d"]
[Site "Puma Hotel, Hinckley Island EN"]
[Date "2013.05.06"]
[Round "11.68"]
[White "Regan, Natasha K"]
[Black "Thorpe, Thomas G"]
[Result "1-0"]
[WhiteElo "2074"]
[BlackElo "1865"]
[PlyCount "67"]
[EventDate "2013.05.06"]
[WhiteTeam "Barbican Youth"]
[BlackTeam "Rhyfelwyr Essyllwg 1"]

1. Nf3 c5 2. b3 Nc6 3. Bb2 d5 4. g3 Nf6 5. Bg2 e6 6. d3 Be7 7. Nbd2 O-O 8. e4
Qc7 9. O-O b6 10. exd5 exd5 11. d4 Bb7 12. Re1 Rfe8 13. Nf1 Nxd4 14. Nxd4 cxd4
15. Bxd4 Ne4 16. c4 Bb4 17. Re3 Qd7 18. Bb2 Rad8 19. cxd5 Qxd5 20. Qxd5 Bxd5
21. Rd1 Bc5 22. Bxe4 Bxe3 23. Rxd5 Rxd5 24. Bxd5 Bc5 25. Bc4 Re1 26. a4 Rb1 27.
Be5 Rc1 28. Bf4 Rc2 29. Ne3 Rc3 30. Kg2 h6 31. Kf3 g5 32. Be5 Rc1 33. Nd5 Rc2
34. Nf6+ 1-0

[Event "4NCL Division 2d"]
[Site "Puma Hotel, Hinckley Island EN"]
[Date "2013.05.06"]
[Round "11.71"]
[White "Ivell, Nicholas W"]
[Black "Jones, Victor GL"]
[Result "0-1"]
[WhiteElo "2320"]
[BlackElo "2240"]
[PlyCount "82"]
[EventDate "2013.05.06"]
[WhiteTeam "Spirit of Atticus"]
[BlackTeam "KJCA Kings"]

1. e4 e6 2. d4 d5 3. e5 c5 4. c3 Nc6 5. Nf3 Qb6 6. a3 Nh6 7. b4 cxd4 8. cxd4
Nf5 9. Bb2 Bd7 10. Be2 Be7 11. O-O O-O 12. g4 Nh4 13. Nxh4 Bxh4 14. f4 f6 15.
Kh1 fxe5 16. dxe5 Bf2 17. f5 Bd4 18. Nc3 Bxc3 19. Bxc3 d4 20. b5 Rad8 21. Be1
Nxe5 22. Bh4 Rde8 23. f6 Bxb5 24. Bxb5 Qxb5 25. Qxd4 Qc6+ 26. Kg1 Nf3+ 27. Rxf3
Qxf3 28. Rf1 Qd5 29. Qxa7 gxf6 30. Bxf6 Qe4 31. g5 Qg4+ 32. Kh1 Qe4+ 33. Kg1
Rc8 34. Qf2 Qg4+ 35. Kh1 Qe4+ 36. Kg1 Rc2 37. Qg3 Rfc8 38. Qh3 Rc1 39. Bb2
Rxf1+ 40. Qxf1 Qg4+ 41. Kh1 Rd8 0-1

[Event "4NCL Division 2d"]
[Site "Puma Hotel, Hinckley Island EN"]
[Date "2013.05.06"]
[Round "11.72"]
[White "Sathyanandha, Saravanan"]
[Black "Carleton, John J"]
[Result "1/2-1/2"]
[WhiteElo "2097"]
[BlackElo "2277"]
[PlyCount "117"]
[EventDate "2013.05.06"]
[WhiteTeam "KJCA Kings"]
[BlackTeam "Spirit of Atticus"]

1. e4 Nf6 2. Nc3 Nc6 3. Bc4 Nxe4 4. Nxe4 d5 5. Bd3 dxe4 6. Bxe4 Qd6 7. c3 e5 8.
Qf3 Bd7 9. Ne2 g6 10. g4 Be7 11. d4 exd4 12. Bf4 Qe6 13. Bd5 Qxg4 14. Bxc6 bxc6
15. Qxg4 Bxg4 16. Nxd4 Bd6 17. Be3 Kd7 18. f3 Be6 19. O-O Rhe8 20. Bf2 a5 21.
Rfd1 a4 22. Bg3 Bd5 23. Rd2 Rab8 24. Kg2 Re3 25. Bf2 Re5 26. Bg3 Re7 27. Bh4 g5
28. Bg3 g4 29. Rad1 Rbe8 30. Kf2 gxf3 31. Nxf3 Bc5+ 32. Kf1 Kc8 33. Nd4 Bxa2
34. Nxc6 Bc4+ 35. Kg2 Re2+ 36. Rxe2 Rxe2+ 37. Kf3 Re8 38. Rd2 Be3 39. Rd1 Bb6
40. Ne5 Ba6 41. Ra1 f6 42. Ng4 Re6 43. Rxa4 Bb7+ 44. Kf4 h5 45. Kf5 Re2 46.
Nxf6 Rxb2 47. Nxh5 Rc2 48. Be5 Bc6 49. Rh4 Ba5 50. c4 Bd7+ 51. Kf6 c5 52. Bd6
Bd8+ 53. Be7 Rf2+ 54. Nf4 Bc7 55. Kg5 Bxf4+ 56. Rxf4 Rxh2 57. Bxc5 Re2 58. Bd6
Kb7 59. c5 1/2-1/2

[Event "4NCL Division 2d"]
[Site "Puma Hotel, Hinckley Island EN"]
[Date "2013.05.06"]
[Round "11.73"]
[White "Mitchell, Martin"]
[Black "Jones, William EG"]
[Result "0-1"]
[WhiteElo "2213"]
[BlackElo "2111"]
[PlyCount "118"]
[EventDate "2013.05.06"]
[WhiteTeam "Spirit of Atticus"]
[BlackTeam "KJCA Kings"]

1. d4 Nf6 2. c4 g6 3. Nc3 Bg7 4. e4 d6 5. Be2 O-O 6. Nf3 e5 7. d5 a5 8. Bg5 h6
9. Bh4 Na6 10. Nd2 Qe8 11. O-O Bd7 12. b3 Nh7 13. g4 Bf6 14. Bg3 Bg5 15. Re1
Nf6 16. Nf1 Nc5 17. Bf3 Kg7 18. h4 Bf4 19. Bxf4 exf4 20. Qd4 Qe5 21. Qxe5 dxe5
22. Nh2 Ra6 23. Rad1 Ne8 24. Re2 Nd6 25. Rc1 Rb6 26. Nf1 Ra8 27. Rb1 Rb4 28.
Nd2 a4 29. a3 Rxb3 30. Nxb3 axb3 31. Nb5 Bxb5 32. cxb5 Nxb5 33. Reb2 Rxa3 34.
Bd1 Nc3 35. Rc1 Nd3 36. Rxc3 Nxb2 37. Rxb3 Rxb3 38. Bxb3 g5 39. hxg5 hxg5 40.
Kf1 Nd3 41. Bc4 Nc5 42. f3 Kf8 43. Ke2 Ke7 44. Kd2 Kd6 45. Kc3 Na6 46. Bb5 Kc5
47. Bd7 Nb8 48. Be8 f6 49. Ba4 b5 50. Bd1 c6 51. Bb3 Na6 52. dxc6 Kxc6 53. Bd5+
Kc5 54. Bb3 Nb8 55. Bd5 Nc6 56. Bb3 Nd4 57. Bd1 b4+ 58. Kd3 Kb5 59. Kd2 Kc4 0-1

[Event "4NCL Division 2d"]
[Site "Puma Hotel, Hinckley Island EN"]
[Date "2013.05.06"]
[Round "11.74"]
[White "Ball, Laurence"]
[Black "Jackson, Sheila"]
[Result "1/2-1/2"]
[WhiteElo "2081"]
[BlackElo "2177"]
[PlyCount "80"]
[EventDate "2013.05.06"]
[WhiteTeam "KJCA Kings"]
[BlackTeam "Spirit of Atticus"]

1. e4 e5 2. Nc3 Nf6 3. f4 d5 4. fxe5 Nxe4 5. Nf3 Bg4 6. Qe2 Nxc3 7. dxc3 Nc6 8.
Bf4 Qd7 9. O-O-O Qf5 10. Bg3 O-O-O 11. h3 Bxf3 12. Qxf3 Qxf3 13. gxf3 Bc5 14.
Bb5 Ne7 15. Bd3 h5 16. Rde1 h4 17. Bf4 Rh5 18. Rh2 d4 19. c4 Nf5 20. Rg2 Re8
21. Rg5 Rxg5 22. Bxg5 Ne3 23. Bxe3 dxe3 24. f4 g5 25. fxg5 Rxe5 26. c3 Rxg5 27.
Rf1 Rg7 28. b4 Bd6 29. Rf3 Bg3 30. a4 b6 31. Kc2 Bf2 32. Be2 Kd8 33. Kd3 Ke7
34. Rf5 Rg6 35. a5 Rd6+ 36. Rd5 bxa5 37. bxa5 c6 38. Rxd6 Kxd6 39. Ke4 c5 40.
Bg4 Be1 1/2-1/2

[Event "4NCL Division 2d"]
[Site "Puma Hotel, Hinckley Island EN"]
[Date "2013.05.06"]
[Round "11.76"]
[White "Tambini, Jasper"]
[Black "Ackley, Peter JE"]
[Result "0-1"]
[WhiteElo "1978"]
[BlackElo "2029"]
[PlyCount "112"]
[EventDate "2013.05.06"]
[WhiteTeam "KJCA Kings"]
[BlackTeam "Spirit of Atticus"]

1. e4 e6 2. d4 d5 3. e5 c5 4. c3 Nc6 5. Nf3 Bd7 6. a3 f6 7. Bd3 Qc7 8. Qe2 cxd4
9. Bf4 Qb6 10. O-O f5 11. b4 Rc8 12. c4 dxc4 13. Bxc4 Nge7 14. h4 Ng6 15. Bg3
f4 16. Bh2 Be7 17. Nbd2 O-O 18. h5 Nh8 19. Ne4 Rf5 20. Bd3 Rxh5 21. Bxf4 Ng6
22. Bh2 Rf8 23. b5 Ncxe5 24. Nxe5 Rxe5 25. Bxe5 Nxe5 26. a4 Nxd3 27. Qxd3 Be8
28. f4 Bg6 29. Rae1 Qc7 30. Qb3 Bf7 31. Qg3 h6 32. Qd3 Bg6 33. Qh3 Qb6 34. Nd2
d3+ 35. Kh1 Qa5 36. Nc4 Qxa4 37. Qxe6+ Bf7 38. Qxe7 Bxc4 39. Rf2 Qxb5 40. f5
Rxf5 41. Qe8+ Kh7 42. Qe4 g6 43. Qe7+ Bf7 44. Ref1 Qd5 45. Rxf5 gxf5 46. Qf6 d2
47. Rd1 Bh5 48. Qe7+ Kg8 49. Qf6 Bxd1 50. Qg6+ Kf8 51. Qxh6+ Ke7 52. Qg7+ Kd6
53. Qf6+ Kc5 54. Qc3+ Kb5 55. Qb2+ Kc4 56. Qa2+ Bb3 0-1

[Event "4NCL Division 2d"]
[Site "Puma Hotel, Hinckley Island EN"]
[Date "2013.05.06"]
[Round "11.77"]
[White "Mort, Andrew J"]
[Black "Maguire, Robert"]
[Result "1/2-1/2"]
[WhiteElo "2021"]
[BlackElo "1956"]
[PlyCount "122"]
[EventDate "2013.05.06"]
[WhiteTeam "Spirit of Atticus"]
[BlackTeam "KJCA Kings"]

1. c4 Nf6 2. Nc3 g6 3. g3 Bg7 4. Bg2 d6 5. Nf3 O-O 6. O-O e5 7. d3 Nc6 8. Rb1
a5 9. a3 h6 10. b4 axb4 11. axb4 Be6 12. b5 Ne7 13. Bb2 Nd7 14. Nd2 c6 15. Ra1
f5 16. Rxa8 Qxa8 17. Qa1 d5 18. Qa3 Kf7 19. Ra1 Qxa3 20. Rxa3 e4 21. Nd1 Bxb2
22. Nxb2 cxb5 23. cxd5 Bxd5 24. dxe4 Bc6 25. exf5 Nxf5 26. Ra7 Ke6 27. Nd3 g5
28. Nb3 Kd6 29. e4 Ne7 30. Nd4 Kc7 31. Nxc6 Nxc6 32. Ra1 Kb6 33. Bh3 Nde5 34.
Nxe5 Nxe5 35. Be6 Rf6 36. Bd5 g4 37. Ra2 Nf3+ 38. Kg2 Ne1+ 39. Kf1 Nf3 40. Kg2
Ne1+ 41. Kf1 Nd3 42. Rd2 Ne5 43. Rb2 Nd3 44. Rd2 Nb4 45. Bb3 Kc5 46. e5 Rf5 47.
Re2 Nc6 48. e6 Ne7 49. Re4 h5 50. Ke2 Kd6 51. Re3 Re5 52. f4 gxf3+ 53. Kxf3
Rxe3+ 54. Kxe3 Nf5+ 55. Ke4 Ng7 56. e7 Kxe7 57. Kd5 Nf5 58. Kc5 Kf6 59. Kxb5
Nd4+ 60. Kc4 Nxb3 61. Kxb3 Ke5 1/2-1/2

[Event "4NCL Division 2d"]
[Site "Puma Hotel, Hinckley Island EN"]
[Date "2013.05.06"]
[Round "11.78"]
[White "Giles, Yasmin"]
[Black "Robertson, David J"]
[Result "1-0"]
[WhiteElo "1873"]
[BlackElo "1939"]
[PlyCount "139"]
[EventDate "2013.05.06"]
[WhiteTeam "KJCA Kings"]
[BlackTeam "Spirit of Atticus"]

1. e4 c5 2. Nc3 Nc6 3. Bb5 Nd4 4. Nf3 g6 5. Nxd4 cxd4 6. Ne2 Bg7 7. O-O a6 8.
Ba4 e6 9. d3 Ne7 10. f4 O-O 11. Qe1 d6 12. Kh1 f5 13. Ng1 Kh8 14. e5 dxe5 15.
fxe5 Nc6 16. Nf3 b5 17. Bb3 Qc7 18. Bf4 Ra7 19. Qg3 Re8 20. Rae1 a5 21. a4 Rb7
22. Rb1 bxa4 23. Bxa4 Rb4 24. b3 Rd8 25. Bd2 Rb6 26. Rbe1 Nb4 27. Qh4 Rd5 28.
Bg5 Kg8 29. Bf6 Nc6 30. Bxc6 Rxc6 31. Bxg7 Qxg7 32. Nxd4 Rcc5 33. c4 Rxe5 34.
Qd8+ Qf8 35. Qxf8+ Kxf8 36. Kg1 Kf7 37. Kf2 Rxe1 38. Rxe1 Bd7 39. Nf3 Kf6 40.
d4 Rc7 41. Ne5 Be8 42. Nd3 a4 43. Nc5 axb3 44. Rxe6+ Kf7 45. Rb6 Ra7 46. Rxb3
Ra2+ 47. Kg3 Rc2 48. Nb7 Kf6 49. Nd6 Bd7 50. Re3 f4+ 51. Kxf4 Rxg2 52. Ne4+ Kg7
53. h3 h6 54. d5 Rh2 55. Rb3 Bxh3 56. Rb7+ Kf8 57. c5 Bf5 58. Ng3 Rd2 59. Ke5
Bh3 60. c6 Ke8 61. Ne4 Rc2 62. Kf6 Kd8 63. Kxg6 Bg2 64. Nd6 Bh3 65. Kxh6 Rc5
66. Kg7 Bg4 67. Kf6 Bc8 68. Nf7+ Ke8 69. Re7+ Kf8 70. Nd6 1-0

[Event "4NCL Division 2d"]
[Site "Puma Hotel, Hinckley Island EN"]
[Date "2013.05.06"]
[Round "11.81"]
[White "Peat, Matthew"]
[Black "Dunn, Andrew"]
[Result "0-1"]
[WhiteElo "2094"]
[BlackElo "2222"]
[PlyCount "80"]
[EventDate "2013.05.06"]
[WhiteTeam "e2e4.org.uk 2"]
[BlackTeam "North East England"]

1. d4 d5 2. c4 c6 3. Nc3 Nf6 4. e3 a6 5. Qc2 e6 6. Nf3 Nbd7 7. b3 Bd6 8. Be2
Qe7 9. Bb2 dxc4 10. bxc4 e5 11. O-O O-O 12. Bd3 Re8 13. Ng5 Nf8 14. Nge4 Nxe4
15. Nxe4 Bc7 16. d5 Rd8 17. f4 cxd5 18. cxd5 Rxd5 19. Bc4 Rd8 20. f5 Nd7 21.
Bxf7+ Qxf7 22. Qxc7 Rf8 23. Ba3 Nf6 24. Qxe5 Re8 25. Nxf6+ gxf6 26. Qg3+ Qg7
27. Qf4 Re5 28. e4 Qg5 29. Qxg5+ fxg5 30. Rfd1 Rxe4 31. Rd8+ Kg7 32. Rc1 Kf6
33. Rf8+ Ke5 34. Bb2+ Kf4 35. Kf2 Rb4 36. g3+ Kg4 37. Bf6 Rb5 38. h3+ Kxh3 39.
Rfxc8 Rxc8 40. Rxc8 Rxf5+ 0-1

[Event "4NCL Division 2d"]
[Site "Puma Hotel, Hinckley Island EN"]
[Date "2013.05.06"]
[Round "11.82"]
[White "Coathup, Roger H"]
[Black "Reimaa, Sven"]
[Result "0-1"]
[WhiteElo "2123"]
[BlackElo "2107"]
[PlyCount "88"]
[EventDate "2013.05.06"]
[WhiteTeam "North East England"]
[BlackTeam "e2e4.org.uk 2"]

1. d4 g6 2. c4 Bg7 3. Nf3 c5 4. e4 cxd4 5. Nxd4 d6 6. Be2 Nf6 7. Nc3 O-O 8. O-O
Nc6 9. Be3 Bd7 10. Qd2 Ng4 11. Bxg4 Bxg4 12. f3 Bd7 13. Rfd1 Ne5 14. b3 a6 15.
Rac1 Rc8 16. Qe2 h5 17. h3 Nc6 18. Nxc6 Bxc6 19. c5 Qa5 20. Nd5 Bxd5 21. Rxd5
dxc5 22. Rdxc5 Rxc5 23. Rxc5 Qb4 24. Rc4 Qd6 25. Qc2 Rd8 26. Kf2 Be5 27. Rc8
Kg7 28. Rxd8 Qxd8 29. Ke2 Qd7 30. f4 Bc7 31. Qc4 e5 32. fxe5 Bxe5 33. Qb4 Qc6
34. Kd3 Kf6 35. a4 b5 36. h4 Ke6 37. Bd4 Bg3 38. Ke3 Qc1+ 39. Ke2 Qc2+ 40. Kf3
Qd3+ 41. Be3 Bxh4 42. e5 Qd1+ 43. Ke4 Qd5+ 44. Kf4 g5# 0-1

[Event "4NCL Division 2d"]
[Site "Puma Hotel, Hinckley Island EN"]
[Date "2013.05.06"]
[Round "11.83"]
[White "Coates, David H"]
[Black "Maroroa, Sue Y"]
[Result "1/2-1/2"]
[WhiteElo "2045"]
[BlackElo "2072"]
[PlyCount "81"]
[EventDate "2013.05.06"]
[WhiteTeam "e2e4.org.uk 2"]
[BlackTeam "North East England"]

1. d4 Nf6 2. c4 e6 3. Nc3 Bb4 4. Qc2 O-O 5. a3 Bxc3+ 6. Qxc3 b5 7. cxb5 c6 8.
Bg5 h6 9. Bxf6 Qxf6 10. e3 cxb5 11. Nf3 Bb7 12. Be2 Rc8 13. Qd3 a6 14. O-O Nc6
15. Rac1 Ne7 16. Ne5 d6 17. Bf3 Nd5 18. Ng4 Qg5 19. h3 f5 20. Nh2 Qd8 21. Qd2
Rxc1 22. Rxc1 Rc8 23. Nf1 Qd7 24. Ng3 Nf6 25. Bxb7 Qxb7 26. f3 Rxc1+ 27. Qxc1
Kf7 28. Kf2 Ke7 29. Ne2 Kd7 30. Nf4 g5 31. Nd3 Qc7 32. Qxc7+ Kxc7 33. Ke2 a5
34. b3 Kc6 35. Nf2 Nd5 36. Nd1 a4 37. bxa4 bxa4 38. Kd3 Kb5 39. Nc3+ Nxc3 40.
Kxc3 d5 41. g3 1/2-1/2

[Event "4NCL Division 2d"]
[Site "Puma Hotel, Hinckley Island EN"]
[Date "2013.05.06"]
[Round "11.84"]
[White "Prasath, Malola TS"]
[Black "Garnett, John S"]
[Result "0-1"]
[WhiteElo "2076"]
[BlackElo "2028"]
[PlyCount "116"]
[EventDate "2013.05.06"]
[WhiteTeam "North East England"]
[BlackTeam "e2e4.org.uk 2"]

1. e4 c5 2. Nf3 Nc6 3. d4 cxd4 4. Nxd4 g6 5. Nxc6 bxc6 6. Qd4 Nf6 7. e5 Nd5 8.
e6 f6 9. exd7+ Bxd7 10. Bc4 e5 11. Qd1 Nb6 12. Bb3 c5 13. Na3 Rc8 14. Qe2 Qe7
15. O-O Be6 16. Qb5+ Kf7 17. c4 Bg7 18. Bd2 Rhd8 19. Rfd1 Rb8 20. Qa5 f5 21.
Be3 Bf8 22. Qe1 Rxd1 23. Rxd1 Rd8 24. f3 Rxd1 25. Qxd1 a6 26. g3 Qd6 27. Qe2
Bd7 28. Nb1 Na8 29. Nc3 Nc7 30. Nd5 Ne6 31. f4 exf4 32. gxf4 Bg7 33. Qf2 Nd4
34. Bd1 Bc6 35. Nc3 Bb7 36. Kf1 Ne6 37. Bc2 Bd4 38. Bxd4 cxd4 39. Nd5 Bxd5 40.
cxd5 Qxd5 41. Bb3 Qe4 42. Bc4 a5 43. a4 Ke7 44. Qh4+ Kd6 45. Bxe6 Kxe6 46. Qxh7
Qxf4+ 47. Ke2 Qe3+ 48. Kd1 Qd3+ 49. Kc1 f4 50. Qg8+ Ke5 51. Qe8+ Kf5 52. Qd7+
Ke5 53. Qc7+ Ke4 54. Qxa5 f3 55. Qa8+ Ke3 56. Qe8+ Kf2 57. Qb8 Ke2 58. b3 f2
0-1

[Event "4NCL Division 2d"]
[Site "Puma Hotel, Hinckley Island EN"]
[Date "2013.05.06"]
[Round "11.85"]
[White "Fernandez, Michael H"]
[Black "Davey, Mark"]
[Result "0-1"]
[WhiteElo "1890"]
[BlackElo "1999"]
[PlyCount "66"]
[EventDate "2013.05.06"]
[WhiteTeam "e2e4.org.uk 2"]
[BlackTeam "North East England"]

1. e4 e5 2. Nf3 Nc6 3. Bb5 a6 4. Ba4 Nf6 5. O-O b5 6. Bb3 Be7 7. d3 O-O 8. a4
Bb7 9. h3 d5 10. exd5 Nxd5 11. axb5 axb5 12. Rxa8 Bxa8 13. Bxd5 Qxd5 14. Nc3
Qc5 15. Ne4 Qd5 16. Qe2 f5 17. Nc3 Nd4 18. Qd1 Qc6 19. Be3 Nxf3+ 20. Qxf3 Qd7
21. Qe2 b4 22. Nd1 f4 23. Bd2 Bxg2 24. Kxg2 f3+ 25. Qxf3 Rxf3 26. Kxf3 Qc6+ 27.
Ke2 Qxc2 28. Rg1 h6 29. Rg4 Bg5 30. Ne3 Bxe3 31. Kxe3 c5 32. Bxb4 cxb4 33. Rxb4
Qc5+ 0-1

[Event "4NCL Division 2d"]
[Site "Puma Hotel, Hinckley Island EN"]
[Date "2013.05.04"]
[Round "9.51"]
[White "Swanson, Stephen"]
[Black "Jones, Victor GL"]
[Result "0-1"]
[WhiteElo "2253"]
[BlackElo "2240"]
[PlyCount "122"]
[EventDate "2013.05.04"]
[WhiteTeam "Poisoned Pawns"]
[BlackTeam "KJCA Kings"]

1. e4 c5 2. Nf3 d6 3. d4 cxd4 4. Qxd4 Nc6 5. Bb5 Bd7 6. Bxc6 Bxc6 7. Nc3 Nf6 8.
Bg5 e6 9. Qd3 Be7 10. Nd4 Qa5 11. Bd2 Qb6 12. O-O-O Ng4 13. Qg3 Qxd4 14. Qxg4
f5 15. Qg3 O-O 16. Bf4 Qf6 17. Bxd6 Bxd6 18. Rxd6 fxe4 19. Rd2 Rad8 20. Rxd8
Qxd8 21. Re1 Qd4 22. Qe3 Qxe3+ 23. fxe3 Rf2 24. Re2 Rf1+ 25. Kd2 b5 26. a3 a5
27. Re1 Rf2+ 28. Re2 Rf1 29. Re1 Rf2+ 30. Re2 Rf5 31. b4 axb4 32. axb4 h5 33.
Ke1 Kf7 34. Rd2 Ke7 35. Ne2 e5 36. h4 Rf6 37. Nc3 Ke6 38. Rd8 Kf5 39. Nd5 Bxd5
40. Rxd5 Rc6 41. Kd1 Rg6 42. Rxb5 Rxg2 43. c4 g5 44. c5 gxh4 45. c6 Rg8 46. c7
Rc8 47. Rc5 h3 48. Rc2 Kg4 49. b5 Rxc7 50. Rxc7 h2 51. Rg7+ Kh4 52. b6 h1=Q+
53. Kc2 Qf1 54. b7 Qd3+ 55. Kb2 Qd2+ 56. Kb1 Qb4+ 57. Kc2 Kh3 58. Kd1 Qb3+ 59.
Ke2 Qd3+ 60. Kf2 Qd2+ 61. Kf1 Qd1+ 0-1

[Event "4NCL Division 2d"]
[Site "Puma Hotel, Hinckley Island E"]
[Date "2013.05.04"]
[Round "9.52"]
[White "Sathyanandha, Saravanan"]
[Black "Byway, Paul V"]
[Result "1-0"]
[WhiteElo "2097"]
[BlackElo "2157"]
[PlyCount "121"]
[EventDate "2013.05.04"]
[WhiteTeam "KJCA Kings"]
[BlackTeam "Poisoned Pawns"]

1. e4 c5 2. c3 Nf6 3. e5 Nd5 4. d4 cxd4 5. Nf3 e6 6. cxd4 d6 7. Nc3 Nxc3 8.
bxc3 dxe5 9. Nxe5 Nd7 10. Bb5 Bd6 11. Qg4 g6 12. O-O O-O 13. Bh6 Nxe5 14. dxe5
Bxe5 15. Rad1 Qc7 16. Bxf8 Kxf8 17. Qh4 Kg7 18. c4 a6 19. Be8 Bf6 20. Qe4 Qe7
21. Ba4 Qb4 22. Bd7 Qe7 23. Rd2 Bxd7 24. Qxb7 Rd8 25. Rfd1 Qa3 26. Rxd7 Rxd7
27. Qxd7 Qxa2 28. c5 Qc2 29. c6 Be5 30. g3 a5 31. Re1 Qc3 32. Rxe5 Qxe5 33. c7
Qe1+ 34. Kg2 Qe4+ 35. Kf1 Qh1+ 36. Ke2 Qe4+ 37. Kd2 Qb4+ 38. Kd3 Qb1+ 39. Ke2
Qe4+ 40. Kd2 Qb4+ 41. Kc2 Qc4+ 42. Kd1 Qb3+ 43. Ke2 Qc2+ 44. Kf3 Qf5+ 45. Ke3
Qe5+ 46. Kd3 Qf5+ 47. Kc4 Qc2+ 48. Kb5 Qb3+ 49. Kxa5 Qc3+ 50. Kb6 Qb2+ 51. Ka6
Qa3+ 52. Kb7 Qb4+ 53. Kc8 Qf8+ 54. Qd8 Qb4 55. Qd3 Qe7 56. Qc4 Qa3 57. Kd8 Kf8
58. Qd4 Qe7+ 59. Kc8 Qa3 60. Qh8+ Ke7 61. Qd8# 1-0

[Event "4NCL Division 2d"]
[Site "Puma Hotel, Hinckley Island EN"]
[Date "2013.05.04"]
[Round "9.53"]
[White "Goodger, Martyn"]
[Black "Jones, William EG"]
[Result "1/2-1/2"]
[WhiteElo "2086"]
[BlackElo "2111"]
[PlyCount "85"]
[EventDate "2013.05.04"]
[WhiteTeam "Poisoned Pawns"]
[BlackTeam "KJCA Kings"]

1. e4 c5 2. c3 Nf6 3. e5 Nd5 4. Nf3 Nc6 5. Bc4 e6 6. d4 cxd4 7. cxd4 d6 8. O-O
Be7 9. Qe2 O-O 10. Nc3 dxe5 11. dxe5 Nxc3 12. bxc3 Qa5 13. Bd2 Bd7 14. Bb3 Rfd8
15. Qe4 Be8 16. Rfe1 Rac8 17. Rac1 Qc7 18. Bg5 h6 19. Bf4 Bf8 20. h4 Na5 21.
Bc2 g6 22. h5 Qc4 23. hxg6 fxg6 24. Nd4 Qxa2 25. Ra1 Qc4 26. Rxa5 Rxd4 27. Qxd4
Qxd4 28. cxd4 Bb4 29. Rxa7 Bxe1 30. Bb3 Bf7 31. Rxb7 g5 32. Be3 Bc3 33. Kf1 Rd8
34. Ke2 Bxd4 35. Bxd4 Rxd4 36. Ke3 Rd8 37. Rb6 Re8 38. Kd4 Kf8 39. g3 Rd8+ 40.
Ke3 Ke7 41. Rb7+ Rd7 42. Rb6 Rc7 43. Rb4 1/2-1/2

[Event "4NCL Division 2d"]
[Site "Puma Hotel, Hinckley Island EN"]
[Date "2013.05.04"]
[Round "9.54"]
[White "Ball, Laurence"]
[Black "McEwan, Ken B"]
[Result "1-0"]
[WhiteElo "2081"]
[BlackElo "2100"]
[PlyCount "79"]
[EventDate "2013.05.04"]
[WhiteTeam "KJCA Kings"]
[BlackTeam "Poisoned Pawns"]

1. e4 c5 2. Nf3 d6 3. d4 cxd4 4. Nxd4 Nf6 5. Nc3 a6 6. Bg5 e6 7. f4 Nbd7 8. Qf3
Qc7 9. O-O-O b5 10. Bd3 Bb7 11. Rhe1 Rc8 12. Nd5 Qa5 13. Kb1 exd5 14. exd5+ Kd8
15. Nc6+ Bxc6 16. dxc6 Nc5 17. Bf5 Ne6 18. Bxe6 fxe6 19. Rxe6 Kc7 20. Bxf6 gxf6
21. Rxf6 Re8 22. Qd5 Qb4 23. Rf7+ Re7 24. Rxe7+ Bxe7 25. Qe6 Kxc6 26. Qxe7 Qxf4
27. Qa7 Qa4 28. Qf7 Qe4 29. Qf6 Qe5 30. Qf3+ d5 31. Qd3 a5 32. a4 Rb8 33. axb5+
Rxb5 34. Qd4 Qxh2 35. c4 Rc5 36. cxd5+ Kb6 37. d6 Qxg2 38. Rc1 Qg6+ 39. Ka1 Qg5
40. Qxc5+ 1-0

[Event "4NCL Division 2d"]
[Site "Puma Hotel, Hinckley Island EN"]
[Date "2013.05.04"]
[Round "9.55"]
[White "Rosen, Daniel B"]
[Black "Lunn, Matthew"]
[Result "1/2-1/2"]
[WhiteElo "2085"]
[BlackElo "2004"]
[PlyCount "58"]
[EventDate "2013.05.04"]
[WhiteTeam "Poisoned Pawns"]
[BlackTeam "KJCA Kings"]

1. e4 c5 2. Nc3 Nc6 3. f4 g6 4. Nf3 Bg7 5. Bc4 e6 6. O-O Nge7 7. d3 O-O 8. Bb3
d5 9. Qe1 Na5 10. Nd1 b6 11. Bd2 dxe4 12. Qxe4 Bb7 13. Qe2 Nxb3 14. axb3 Nf5
15. Bc3 Nd4 16. Bxd4 cxd4 17. Nf2 Qc7 18. Nh3 Rac8 19. Rac1 Bd5 20. Qf2 Rfd8
21. Qh4 Qb7 22. Qf2 Bxf3 23. Qxf3 Qxf3 24. Rxf3 Rc5 25. Ng5 Rdc8 26. Rf2 Rb5
27. Rff1 Rbc5 28. Rf2 Rb5 29. Rff1 Rbc5 1/2-1/2

[Event "4NCL Division 2d"]
[Site "Puma Hotel, Hinckley Island EN"]
[Date "2013.05.04"]
[Round "9.56"]
[White "Tambini, Jasper"]
[Black "McCorry, Robert T"]
[Result "1-0"]
[WhiteElo "1978"]
[BlackElo "2076"]
[PlyCount "105"]
[EventDate "2013.05.04"]
[WhiteTeam "KJCA Kings"]
[BlackTeam "Poisoned Pawns"]

1. e4 c6 2. d4 d5 3. Nc3 dxe4 4. Nxe4 Bf5 5. Ng3 Bg6 6. h4 h6 7. h5 Bh7 8. Nf3
Nd7 9. Bd3 Bxd3 10. Qxd3 e6 11. Bd2 Ngf6 12. O-O-O Be7 13. Ne4 Nxe4 14. Qxe4
Nf6 15. Qe2 Qd5 16. c4 Qe4 17. Qxe4 Nxe4 18. Be3 O-O 19. Ne5 Rfd8 20. g4 c5 21.
dxc5 Bxc5 22. Bxc5 Nxc5 23. Kc2 Ne4 24. f3 Nf2 25. Rxd8+ Rxd8 26. Rf1 Nh3 27.
Nd3 Ng5 28. b4 f6 29. Nc5 b6 30. Nb3 e5 31. Kc3 Kf7 32. c5 Ne6 33. Kc4 Nc7 34.
a4 Nd5 35. Re1 bxc5 36. bxc5 Ke6 37. Nd4+ Kf7 38. Nc6 Rd7 39. Nxa7 Nf4 40. Nb5
Nd3 41. Re3 Nb2+ 42. Kb4 Nd3+ 43. Rxd3 Rxd3 44. a5 Rxf3 45. a6 Rf4+ 46. Ka5 Rf2
47. Nc3 Rd2 48. a7 Rd8 49. Kb6 Ke6 50. c6 Kd6 51. Ne4+ Kd5 52. c7 Rf8 53. Kb7
1-0